| 000 | 00376nam a2200121 4500 | ||
|---|---|---|---|
| 999 |
_c11312 _d11312 |
||
| 008 | 181116b ||||| |||| 00| 0 eng d | ||
| 100 |
_932546 _aCañedo, Karina V. |
||
| 245 |
_aTraffic aides to be checked for work-related lung disease/ _cKarina V. Cañedo |
||
| 260 |
_aDavao City _bSun Star Davao _cc2017 |
||
| 300 | _apage 2. | ||
| 650 | 0 |
_932547 _aDiseases. |
|
| 942 |
_2ddc _cPER |
||